| 000 | 00000nam##2200000za#4500 |
| 001 | 9.557958 |
| 003 | CaOODSP |
| 005 | 20210624172140 |
| 007 | cr ||||||||||| |
| 008 | 150406|2001||||xxc|||||o f|0| 0 eng|d |
| 020 | |a0-662-31089-6 |
| 040 | |aCaOODSP|beng |
| 043 | |an-cn--- |
| 086 | 1 |aH113-7/2001-12E-IN |
| 110 | 1 |aCanada. |bPest Management Regulatory Agency. |
| 245 | 10|aFlorasulam - EF-1243 Suspension Concentrate Herbicide |h[electronic resource] |
| 260 | |aOttawa - Ontario : |bHealth Canada. |cSeptember 21, 2001. |
| 300 | |a91p.|bfigs., glossary, references, tables |
| 490 | 1 |aRegulatory note |vREG 2001-12 |
| 590 | |a12-01-Supp|b2012-01-13 |
| 775 | 08|tLe florasulam - herbicide concentré en suspension EF-1343 |w(CaOODSP)9.590958 |
| 776 | 0#|tFlorasulam: EF-1243 suspension concentrate herbicide |w(CaOODSP)9.615773 |
| 830 | #0|aRegulatory note ;|vREG 2001-12|w(CaOODSP)9.504462 |
| 856 | 40|ahttp://publications.gc.ca|qPDF|s261 KB|uhttps://publications.gc.ca/collections/Collection/H113-7-2001-12E.pdf|yREG 2001-12 |